| 000 | 01124cac a22002171u 4500 | ||
|---|---|---|---|
| 090 | _c2505 | ||
| 008 | 081222t 2000xxu||||| |||| 00| 0 eng d | ||
| 010 | _a 00008841 | ||
| 020 | _a0787952192 | ||
| 082 | 0 | 0 |
_a658 _bHAN |
| 100 | _aHandy, Charles B. | ||
| 245 | 1 | 0 |
_a21 ideas for managers : _bpractical wisdom for managing your company and yourself / _cCharles Handy. |
| 246 | 3 | _aTwenty-one ideas for managers | |
| 260 |
_aSan Francisco : _bJossey-Bass, _c2000. |
||
| 300 |
_axxl, 200 p.: _bill. ; _c24 cm. |
||
| 500 | _aIncludes index. | ||
| 500 | _a. | ||
| 505 | 0 | _aA world of differences -- The "e" factors -- The secret contract -- The territorial itch -- The inside-out donut -- The Johari window -- The actor's roles -- Marathons or horse races -- The self-fulfilling prophecy -- The stroking formula -- Parents, adults, and children -- Power politics -- Teams and captains -- Outward and visible signs -- Tribes and their ways -- Find your God -- Counting and costing -- The customer is always there -- Curiosity made the cat -- Shamrocks galore. | |
| 650 | 0 | _aManagement | |
| 942 |
_cBB _k658 HAN _2ddc |
||
| 999 |
_c2505 _d2505 |
||